L'utopie de l'islam : La religion contre l’État (notice n° 1567389)

détails MARC
000 -LEADER
fixed length control field 01540cam a2200133 4500500
005 - DATE AND TIME OF LATEST TRANSACTION
control field 20251214002752.0
041 ## - LANGUAGE CODE
Language code of text/sound track or separate title fre
042 ## - AUTHENTICATION CODE
Authentication code dc
100 10 - MAIN ENTRY--PERSONAL NAME
Personal name Babes, Leïla
Relator term author
245 00 - TITLE STATEMENT
Title L'utopie de l'islam : La religion contre l’État
260 ## - PUBLICATION, DISTRIBUTION, ETC.
Name of publisher, distributor, etc. Armand Colin,<br/>
Date of publication, distribution, etc. 2011.<br/>
520 ## - SUMMARY, ETC.
Summary, etc. Si elle est le fait de courants radicaux qui pervertissent les sources islamiques, la violence qui s’exerce au nom de l’islam, et dont les musulmans sont eux-mêmes les premières victimes, se loge au cœur de la relation entre le religieux et le politique. Pour éclairer la crise qui agite l’univers contemporain de l’islam, une analyse en profondeur des fondements du pouvoir politique, lequel s’est posé, dès les origines, de manière tragique, s’avère nécessaire. Menant une véritable enquête qui convoque les sources, l’histoire, la science politique, la sociologie et la théologie, l’auteur dénoue le fil de la contradiction qui fonde l’utopie de l’islam. En isolant les principales références qui ont inspiré et continuent d’inspirer les mouvements de contestation politico-religieux, elle dévoile au fil des pages, la thèse inédite qu’elle défend: toutes les entreprises menées pour corriger le monde conformément à l’idéal islamique n’ont conduit qu’à détruire l’Etat et l’espace du politique. Voilà qui pulvérise l’idée que l’islam est une religion politique.
856 41 - ELECTRONIC LOCATION AND ACCESS
Uniform Resource Identifier <a href="https://shs.cairn.info/lutopie-de-lislam--9782200274764?lang=fr&redirect-ssocas=7080">https://shs.cairn.info/lutopie-de-lislam--9782200274764?lang=fr&redirect-ssocas=7080</a>

Pas d'exemplaire disponible.

PLUDOC

PLUDOC est la plateforme unique et centralisée de gestion des bibliothèques physiques et numériques de Guinée administré par le CEDUST. Elle est la plus grande base de données de ressources documentaires pour les Étudiants, Enseignants chercheurs et Chercheurs de Guinée.

Adresse

627 919 101/664 919 101

25 boulevard du commerce
Kaloum, Conakry, Guinée

Réseaux sociaux

Powered by Netsen Group @ 2025